000 00795nam a22002531 4500
001 134086
003 ES-MaACL
005 20240409133115.0
007 t|
008 070905s1972 sp ||||0| spa d
016 7 _zIND2000943421
040 _aM-BN
_bspa
_cCDM
080 _a820-311.2"19"
100 1 _aWest, Nathanael.
_9116551
245 1 3 _aLa plaga de la langosta /
_cNathanael West ; [traducción de Cecilia Bustamante y Julio Ortega].
260 _a[Barcelona] :
_bSeix Barral,
_c[1972]
300 _a205 p., 1 h ;
_c20 cm.
490 1 _aBiblioteca Formentor
700 1 _aBustamante, Cecilia.
_932865
700 0 _aOrtega, Julio,
_d1942-
_987416
830 0 _aBiblioteca Formentor
_9180387
852 _aES-MaACL
_jC-49303
_bR.84290
999 _c134086
_d134086